000 00560nam a2200193Ia 4500
003 IN-BaIIA
008 211028s9999 xx 000 0 eng d
040 _cIIA Library
080 _a535.3
_bSHU
100 _aShurcliff, William A
_94106
245 0 _aPolarized Light
_cWilliam A. Schurcliff and Stanley S. Ballard
260 _aPrinceton, N. J.
_bD. Van Nostrand
_c1964
300 _a144p.
490 _aVan Nostrand momemtum books; no. 7
650 _aPolarization
_95652
650 _aPolarized Light
_94107
700 _aBallard, S.S.
_97470
942 _cBK
999 _c4247
_d4247